| 000 | 00991nam a2200217Ia 4500 | ||
|---|---|---|---|
| 999 |
_c2669 _d2669 |
||
| 008 | 200103s 2006 ||||xx |||||||||||||| ||und|| | ||
| 020 | _a9780070601741 | ||
| 082 |
_a004.0151 _bLIP |
||
| 100 | _aLipschutz, Semyour | ||
| 245 | 0 | _aDiscrete mathematics | |
| 250 | _a2nd | ||
| 260 |
_bTata McGraw-Hill Publishing Company Limited _c2006 _aNew Delhi |
||
| 300 |
_axii, 528 p. _bIncludes dndex |
||
| 504 | _aSet theory Relations Functions and algorithms Logic and propositional calculus Techniques of counting Advanced counting techniques, recursion Probability Graph theory Directed graphs Binary trees Properties of the integers Languages, automata, grammars Finite state machines and Turing machines Ordered sets and lattices Boolean algebra. | ||
| 650 | _aComputer science - Mathematics | ||
| 650 | _aLogic, symbolic and mathematical | ||
| 650 | _aAlgebra - abstract | ||
| 650 | _aCombinatorial analysis | ||
| 700 |
_aLipson, Marc _eCo-author |
||
| 942 | _cRT | ||